Регионална библиотека "Любен Каравелов" - Русе

Разноцветна книга (Запис номер 146373)

MARC детайли
000 -Лидер
Контролно поле с фиксирана дължина nam a22 a 4500
003 - Код на организацията, давaща контролен номер
Контролно поле BLK
005 - Дата и час на последна редакция
Контролно поле 20230201150049.0
008 - Елементи от данни с фиксирана дължина
fixed length control field 180410b bul|||||r ||||||| ||bul||
010 ## - Наследен системен номер
LC control number KNG00152560000
040 ## - Източник на каталожния запис
Идентификатор на билиотеката - собственик на записа BLK
041 ## - Код за език
Код за езика на текст/звукозапис или на отделно заглавие Български
Код за езика КДБФ Български
080 ## - УДК
Текстов определител УДК Руска литература
УДК код - определител по УДК 821.161.1
УДК определител -93-34
УДК - код + определител 821.161.1-93-34
080 ## - УДК
Текстов определител УДК Руска литература
УДК код - определител по УДК 821.161.1
УДК определител -93-1
УДК - код + определител 821.161.1-93-1
100 1# - Редна дума - Автор
Автор Маршак, Самуил Яковлевич
Авторска отговорност първи автор
R(LIN) 376552
139 ## - Редно поле
Редна дума Маршак, Самуил Яковлевич
Авторски знак Марч - М 36
245 10 - Сведения за заглавието
Заглавие Разноцветна книга
Подзаглавни данни Избрани приказки и стихотворения
Редно поле (дума) Самуил Яковлевич Маршак; прев. от рус. Христо Василев Радевски; худож. Стефан Кумпилов.
257 ## - Страна на издаване
Страна на създаване/издаване СССР
260 ## - Област на издателските данни
Име на издателя, разпространителя и проч. Нар. младеж
Година на издаване 1974
Място на издаване, разпространение и проч. София
300 ## - Физическа характеристика
Страници 160 с. с ил.
Илюстрации и др. 4 л. ил.
Размери/Мащаб 22 см
380 ## - Жанр
Жанр Детска худож. лит.
500 ## - Общи забележки
Забележка Подбрано от следсмъртното изд. на поета Собрание сочинений в 8 т. М., 1968 - 1972. - 15 125 тир.
653 ## - Ключова дума – ненормативна
Ключова дума детска литература
653 ## - Ключова дума – ненормативна
Ключова дума литература за деца
653 ## - Ключова дума – ненормативна
Ключова дума приказки
653 ## - Ключова дума – ненормативна
Ключова дума стихотворения за деца
700 1# - Други автори (авторска отговорност)
Лично име Радевски, Христо Василев
Автороска отговорност (Описва отношението между автора и произведението) прев. от рус.
9 (RLIN) 366130
700 1# - Други автори (авторска отговорност)
Лично име Кумпилов, Стефан
Автороска отговорност (Описва отношението между автора и произведението) худож.
9 (RLIN) 85581
852 ## - Местоположение
Форматна сигнатура Цб 265642
856 4# - Електронен адрес и достъп
Електронен формат pdf - файл
Инструкция (цена за достъп) 0.00
Права за достъп disable
856 4# - Електронен адрес и достъп
Електронен формат pdf - файл
Инструкция (цена за достъп) 0.00
Права за достъп disable
999 ## - СИСТЕМНИ КОНТРОЛНИ НОМЕРА
Koha biblionumber 146373
Koha biblioitemnumber 146373
942 ## - АРТИКУЛИ
Вид на библиотечния материал Книги
Скрит в OPAC Не
Koha issues (borrowed), all copies 1
Периодичен библиозапис Да
944 ## - СЪЗДАВАНЕ И РЕДАКЦИЯ на ЗАПИСА
Създаване/Редакция Създаване
Дата на регистрацията/редакция 26.10.2013
Статус, дата на статуса 26.10.2013 - от С1,Р / 26.10.2013
Служител, извършил регистрацията/редакцията Гергана_Михайлова
944 ## - СЪЗДАВАНЕ И РЕДАКЦИЯ на ЗАПИСА
Създаване/Редакция Редакция
Дата на регистрацията/редакция 26.10.2013
Статус, дата на статуса 26.10.2013 - от С1,Р / 26.10.2013
999 ## - СИСТЕМНИ КОНТРОЛНИ НОМЕРА
Koha biblioitemnumber 146373
Наличности
Код за отписване Код за изгубен артикул Източник на класификационната схема Код за повреда Коз за рестрикции Код за отдаване Артикулен № Име на библиотеката - собственик Име на библиотеката, в която се намира в момента Статус (Текущо местоположение) Дата на вписване в системата Местоположение - отдел Цена в лева Инвентарен номер Систематично азбучна сигнатура Баркод Номер на екземпляра Цена в евро Служебна бележка Служебен тип на артикула Бележка за публиката
  Не е изгубен Universal Decimal Classification Не е повреден без рестрикции ползва се в читалня 243455 Регионална библиотека "Любен Каравелов" Русе Регионална библиотека "Любен Каравелов" Русе Хранилище 1974-01-01 Хранилище 0.94 177296 Цб 265642 120000177296 1 0.48 N: стар фонд Дата: 01.01.1974 Книги  
  Не е изгубен Universal Decimal Classification Не е повреден без рестрикции заемане за дома 243456 Регионална библиотека "Любен Каравелов" Русе Регионална библиотека "Любен Каравелов" Русе Детски отдел 1974-01-01 Детски отдел 0.94 270550 ДХ 820/899/М 36 120000270550 2 0.48 N: стар фонд Дата: 01.01.1974 Дата инв: 12.09.2015 Бележки инв: Д2015 Книги  
Изтеглен Не е изгубен   Не е повреден без рестрикции заемане за дома 243457 Регионална библиотека "Любен Каравелов" Русе Регионална библиотека "Любен Каравелов" Русе   1974-01-01 Детски отдел 0.94 270552 ДХ 820/899/М 36 270552 3 0.48 N: стар фонд Дата: 01.01.1974 Дата инв: 12.09.2015 Бележки инв: Д2015 Книги Отч.N: 37/17 , Дата: 06.09.2017
  Не е изгубен Universal Decimal Classification Не е повреден без рестрикции заемане за дома 243458 Регионална библиотека "Любен Каравелов" Русе Регионална библиотека "Любен Каравелов" Русе Детски отдел 1974-01-01 Детски отдел 0.50 641537 ДХ 820/899/М 36 120000641537 4 0.26 N: стар фонд Дата: 01.01.1974 Дата инв: 12.09.2015 Бележки инв: Д2015 Книги  
Vip Innovations Ltd, Rousse, Bulgaria 2025